[Event "Foxwoods Open"]
[Site "Mashantucket, Ct"]
[Date "1999.04.01"]
[Round "1"]
[White "Curdo, John"]
[Black "Simon, Jerry"]
[Result "1-0"]
[WhiteElo "2388"]
[BlackElo "2200"]
[PlyCount "41"]
[EventDate "1999.04.01"]

1. e4 d6 2. d4 Nf6 3. Nc3 c6 4. f4 Qa5 5. Bd3 e5 6. Nf3 Bg4 7. Be3 Nbd7 8. O-O
Be7 9. h3 Bxf3 10. Qxf3 exd4 11. Bxd4 O-O 12. Rae1 Nc5 13. e5 Ne8 14. exd6 Bxd6
15. Bxh7+ Kxh7 16. Qh5+ Kg8 17. Ne4 Nb3 18. Ng5 Qf5 19. axb3 Nf6 20. Bxf6 gxf6
21. Ne4 1-0

[Event "Foxwoods Open"]
[Site "Mashantucket, Ct"]
[Date "1999.04.01"]
[Round "1"]
[White "Shabalov, Alexander"]
[Black "Beltre, Alexander"]
[Result "1-0"]
[WhiteElo "2659"]
[BlackElo "2230"]
[PlyCount "63"]
[EventDate "1999.04.01"]

1. e4 c5 2. Nf3 d6 3. d4 cxd4 4. Nxd4 Nf6 5. Nc3 g6 6. Be3 Bg7 7. f3 O-O 8. Qd2
Nc6 9. O-O-O Nxd4 10. Bxd4 Qa5 11. Kb1 Rd8 12. g4 Be6 13. h4 d5 14. e5 Nd7 15.
h5 Nxe5 16. hxg6 fxg6 17. Qe2 Bf7 18. a3 Nc6 19. Bxg7 Kxg7 20. Qh2 Rh8 21. Qh6+
Kg8 22. Bd3 b5 23. f4 b4 24. f5 Ne5 25. fxg6 Nxg6 26. Bxg6 Bxg6 27. Nxd5 Qc5
28. Qg5 Qxc2+ 29. Ka1 e6 30. Nf6+ Kf8 31. Qh6+ Kf7 32. Rd7+ 1-0

[Event "Foxwoods Open"]
[Site "Mashantucket, Ct"]
[Date "1999.04.01"]
[Round "1"]
[White "Yermolinsky, Alex"]
[Black "Anderson, Renard"]
[Result "1-0"]
[WhiteElo "2675"]
[BlackElo "2242"]
[PlyCount "85"]
[EventDate "1999.04.01"]

1. d4 Nf6 2. c4 c5 3. d5 b5 4. cxb5 a6 5. b6 d6 6. Nc3 Nbd7 7. e4 g6 8. a4 Qxb6
9. a5 Qb8 10. f4 Bg7 11. Nf3 O-O 12. Bc4 Ne8 13. O-O Nc7 14. Qd3 Qa7 15. Ra2
Nb5 16. Bd2 Nd4 17. Nxd4 Bxd4+ 18. Kh1 Bg7 19. Na4 Rb8 20. b3 Qc7 21. h3 Kh8
22. Re1 Kg8 23. Bc3 Bxc3 24. Qxc3 Nf6 25. e5 Nh5 26. Rf2 Ng7 27. Nb6 Nf5 28.
Bd3 Nd4 29. b4 f6 30. e6 Nb5 31. Bxb5 axb5 32. Rc1 c4 33. Qd4 f5 34. g4 Qa7 35.
Kh2 Rxb6 36. Qxb6 Qxb6 37. axb6 Bb7 38. Ra2 Bxd5 39. Ra7 Rb8 40. Rxe7 Be4 41.
Rc7 Rxb6 42. Rc8+ Kg7 43. e7 1-0

[Event "Foxwoods Open"]
[Site "Mashantucket, Ct"]
[Date "1999.04.01"]
[Round "1"]
[White "Formanek, Edward"]
[Black "Furdzik, Rafael"]
[Result "1-0"]
[WhiteElo "2388"]
[BlackElo "2200"]
[PlyCount "65"]
[EventDate "1999.04.01"]

1. e4 c6 2. d4 d5 3. Nc3 dxe4 4. Nxe4 Bf5 5. Ng3 Bg6 6. h4 h6 7. Nf3 Nd7 8. h5
Bh7 9. Bd3 Bxd3 10. Qxd3 Qc7 11. Bd2 e6 12. O-O-O O-O-O 13. Qe2 Ngf6 14. Ne5
Nb6 15. Ba5 Rd5 16. Bxb6 axb6 17. c4 Ra5 18. Kb1 Bd6 19. f4 Rd8 20. Ne4 Nxe4
21. Qxe4 Kb8 22. Rd3 Rc8 23. g4 c5 24. d5 b5 25. dxe6 fxe6 26. Rhd1 Bxe5 27.
Rd7 Qc6 28. Qxe5+ Ka7 29. R7d6 Qg2 30. Qe1 Ra4 31. Qxe6 Rc7 32. cxb5 b6 33. Rd7
1-0

[Event "Foxwoods Open"]
[Site "Mashantucket, Ct"]
[Date "1999.04.01"]
[Round "1"]
[White "Kaufman, Larry"]
[Black "Gurevich, Boris"]
[Result "1-0"]
[WhiteElo "2417"]
[BlackElo "2213"]
[PlyCount "80"]
[EventDate "1999.04.01"]

1. d4 Nf6 2. c4 g6 3. Nc3 Bg7 4. e4 d6 5. Nf3 O-O 6. Be2 Nc6 7. O-O e5 8. d5
Ne7 9. Nd2 Ne8 10. b4 f5 11. c5 a5 12. Ba3 axb4 13. Bxb4 dxc5 14. Bxc5 Nd6 15.
f3 Rf7 16. Nc4 Ne8 17. a4 b6 18. Ba3 Ba6 19. Nb5 Nc8 20. Qb3 Qd7 21. Bb2 Qe7
22. Rac1 Bxb5 23. axb5 Ncd6 24. Nxd6 Nxd6 25. Bd3 Bh6 26. Rce1 Bg7 27. Kh1 Nb7
28. Qc2 Nd6 29. Bc3 Raf8 30. Qb2 Re8 31. Rf2 f4 32. Rc1 g5 33. Rfc2 g4 34. Bb4
Qd8 35. Rc6 Bf8 36. Qc3 gxf3 37. gxf3 Ree7 38. Bf1 Rg7 39. Bxd6 cxd6 40. Bh3
40... Rc7 $4 1-0

[Event "Foxwoods Open"]
[Site "Mashantucket, Ct"]
[Date "1999.04.01"]
[Round "1"]
[White "Schneider, Dmitry"]
[Black "Resika, Nathan"]
[Result "0-1"]
[WhiteElo "2446"]
[BlackElo "2218"]
[PlyCount "96"]
[EventDate "1999.04.01"]

1. e4 e5 2. Nf3 Nc6 3. Bb5 Nf6 4. d3 Bc5 5. Be3 Qe7 6. Nc3 Nd4 7. Ba4 Nxf3+ 8.
Qxf3 c6 9. O-O O-O 10. Bb3 Bb6 11. h3 d6 12. Ne2 Be6 13. Ng3 Nd7 14. c3 Bxb3
15. axb3 Bxe3 16. fxe3 g6 17. b4 Qe6 18. Qg4 Qxg4 19. hxg4 f6 20. c4 a6 21. Ne2
Rfe8 22. Nc3 Kg7 23. Kf2 Nf8 24. Ke2 Ne6 25. Ra3 Rh8 26. Rfa1 h5 27. gxh5 Rxh5
28. b5 Rb8 29. R1a2 Nc7 30. b4 Kf7 31. b6 Ne6 32. b5 axb5 33. cxb5 cxb5 34.
Nxb5 Ke7 35. Rc3 Nc5 36. Ra7 Rh2 37. Kf3 Rh1 38. Nc7 f5 39. exf5 gxf5 40. Nb5
Rb1 41. Ra5 e4+ 42. dxe4 fxe4+ 43. Kg3 Rg8+ 44. Kh2 Rb2 45. Nxd6 Rbxg2+ 46. Kh1
R2g5 47. Nf5+ Kf6 48. Rc2 Rh8+ 0-1

[Event "Foxwoods Open"]
[Site "Mashantucket, Ct"]
[Date "1999.04.02"]
[Round "1"]
[White "Rajlich, Vasik"]
[Black "Burrows, Brandon"]
[Result "1/2-1/2"]
[WhiteElo "2328"]
[BlackElo "2096"]
[PlyCount "109"]
[EventDate "1999.04.01"]

1. e4 e6 2. d4 d5 3. e5 c5 4. c3 Nc6 5. Nf3 Qb6 6. Be2 Bd7 7. O-O cxd4 8. cxd4
Nge7 9. Nc3 Nf5 10. Na4 Qc7 11. g4 Nh6 12. h3 f6 13. Bxh6 gxh6 14. exf6 Bd6 15.
Rc1 O-O 16. Nc5 Rxf6 17. Ne5 Nxe5 18. Ne4 Qd8 19. Nxd6 Ng6 20. Nxb7 Qb6 21. Nc5
Qd6 22. Qb3 Nf4 23. Bd1 Rb8 24. Nxd7 Rxb3 25. Nxf6+ Kf7 26. Bxb3 Ne2+ 27. Kg2
Nxc1 28. Rxc1 Kxf6 29. Rc3 Kg7 30. Re3 Qc6 31. Re5 a5 32. Bd1 Qb6 33. Bf3 Kf7
34. Rh5 Qxd4 35. Rxh6 Qg7 36. Rh5 Ke7 37. b3 Kd6 38. Kg3 e5 39. Be2 e4 40. Kf4
Kc5 41. Bc4 Qf6+ 42. Rf5 Qh6+ 43. Kg3 e3 44. Rxd5+ Kb4 45. g5 Qg7 46. fxe3 a4
47. h4 a3 48. Rf5 Qe7 49. Kf3 Kc3 50. Rf4 Qd7 51. b4 Qh3+ 52. Kf2 Qh2+ 53. Kf3
Qh3+ 54. Kf2 Qh2+ 55. Kf3 1/2-1/2

[Event "Foxwoods Open"]
[Site "Mashantucket, Ct"]
[Date "1999.04.02"]
[Round "1"]
[White "Anghel, Dan Gabriel"]
[Black "Fang, Joseph"]
[Result "0-1"]
[WhiteElo "2200"]
[BlackElo "2359"]
[PlyCount "70"]
[EventDate "1999.04.01"]

1. e4 c5 2. Nf3 g6 3. d4 cxd4 4. Nxd4 Bg7 5. Be3 Nc6 6. Nc3 Nf6 7. f3 O-O 8.
Bc4 Qb6 9. Bb3 Nxe4 10. Nd5 Qa5+ 11. c3 Nc5 12. Nxc6 dxc6 13. Nxe7+ Kh8 14.
Nxc8 Raxc8 15. O-O Rcd8 16. Qc2 Rfe8 17. Bxc5 Qxc5+ 18. Kh1 Qe3 19. Rad1 Be5
20. Rde1 Qh6 21. h3 Qf4 22. g3 Qxg3 23. Qg2 Qxg2+ 24. Kxg2 Rd2+ 25. Rf2 Rxf2+
26. Kxf2 Bg3+ 27. Kxg3 Rxe1 28. Bxf7 Re2 29. b4 Rc2 30. Be6 Rxc3 31. Bb3 Kg7
32. Kf4 Kf6 33. h4 Rd3 34. Ke4 Rd2 35. Ke3 Rh2 0-1

[Event "Foxwoods Open"]
[Site "Mashantucket, Ct"]
[Date "1999.04.02"]
[Round "1"]
[White "Timoshenko, Georgy"]
[Black "Pangal, Camilo"]
[Result "1-0"]
[WhiteElo "2553"]
[BlackElo "2100"]
[PlyCount "71"]
[EventDate "1999.04.01"]

1. d4 f5 2. g3 g6 3. Bg2 Bg7 4. Nf3 Nf6 5. O-O O-O 6. c4 d6 7. Nc3 c6 8. b3 Bd7
9. Bb2 f4 10. gxf4 Qc8 11. e3 Bh3 12. Ng5 Bxg2 13. Kxg2 Qf5 14. d5 Nbd7 15. Ne6
Bh6 16. Nd4 Qg4+ 17. Qxg4 Nxg4 18. dxc6 e5 19. Ne6 bxc6 20. Nxf8 Rxf8 21. h3
Ngf6 22. fxe5 dxe5 23. Rad1 Rf7 24. Rd6 c5 25. Rfd1 Bf8 26. Rc6 g5 27. Rc7 h5
28. Nd5 Ne8 29. Rxa7 g4 30. hxg4 Rg7 31. Kf1 hxg4 32. a4 Bd6 33. a5 Rh7 34. Kg2
Bb8 35. Rb7 Rf7 36. a6 1-0

[Event "Foxwoods Open"]
[Site "Mashantucket, Ct"]
[Date "1999.04.01"]
[Round "1"]
[White "Zaremba, Andrei"]
[Black "Shaw, Alan"]
[Result "1-0"]
[WhiteElo "2413"]
[BlackElo "2202"]
[PlyCount "95"]
[EventDate "1999.04.01"]

1. d4 d5 2. Nf3 c6 3. g3 Nf6 4. Bg2 Bf5 5. O-O e6 6. c4 Nbd7 7. Nc3 Be7 8. b3
O-O 9. Bb2 h6 10. Ne5 Bd6 11. Nxd7 Qxd7 12. f3 Qe7 13. e4 dxe4 14. fxe4 Bg4 15.
Qd2 e5 16. d5 Nh7 17. h3 Bh5 18. Kh2 Rad8 19. Nd1 Bxd1 20. Raxd1 c5 21. Rf2 Bc7
22. Rdf1 Rd6 23. Bc3 Ra6 24. h4 Rf6 25. Bh3 Rxf2+ 26. Rxf2 Rd8 27. a3 Bd6 28.
Qe2 Nf6 29. Bd2 Ne8 30. Qg4 Nf6 31. Qf5 Nh7 32. Qh5 Nf6 33. Qf3 Nh7 34. Bf5 g6
35. Bh3 Kg7 36. Qe3 g5 37. Bf5 f6 38. Qf3 Nf8 39. Kg1 Rb8 40. hxg5 fxg5 41. Qg4
b5 42. cxb5 c4 43. bxc4 Bxa3 44. Be3 Bc5 45. Qf3 Rb6 46. Bxc5 Qxc5 47. Be6 Qe7
48. Qf7+ 1-0

[Event "Foxwoods Open"]
[Site "Mashantucket, CT"]
[Date "1999.04.02"]
[Round "2"]
[White "Fang, Joseph"]
[Black "Yermolinsky, Alex"]
[Result "1/2-1/2"]
[WhiteElo "2359"]
[BlackElo "2675"]
[PlyCount "20"]
[EventDate "1999.04.02"]

1. Nf3 d5 2. d4 c6 3. c4 e6 4. Nc3 dxc4 5. Bg5 f6 6. Bd2 b5 7. a4 b4 8. Ne4 Ba6
9. Rc1 Nd7 10. e3 Qa5 1/2-1/2

[Event "Foxwoods Open"]
[Site "Mashantucket, CT"]
[Date "1999.04.02"]
[Round "2"]
[White "Resika, Nathan"]
[Black "Zaremba, Andrei"]
[Result "1/2-1/2"]
[WhiteElo "2218"]
[BlackElo "2413"]
[PlyCount "30"]
[EventDate "1999.04.02"]

1. e4 c5 2. Nf3 d6 3. d4 cxd4 4. Nxd4 Nf6 5. Nc3 g6 6. Be3 Bg7 7. f3 O-O 8. Qd2
Nc6 9. O-O-O d5 10. exd5 Nxd5 11. Nxc6 bxc6 12. Bd4 Nxc3 13. Qxc3 Bh6+ 14. Be3
Bxe3+ 15. Qxe3 Qb6 1/2-1/2

[Event "Foxwoods Open"]
[Site "Mashantucket, CT"]
[Date "1999.04.02"]
[Round "2"]
[White "Kreiman, Boris"]
[Black "Ruiz Gonzalez, G."]
[Result "1-0"]
[WhiteElo "2580"]
[BlackElo "2353"]
[PlyCount "76"]
[EventDate "1999.04.02"]

1. e4 c5 2. Nf3 d6 3. d4 cxd4 4. Nxd4 Nf6 5. Nc3 Nc6 6. Bg5 Bd7 7. Qd2 Nxd4 8.
Qxd4 Qa5 9. Bd2 e5 10. Qd3 Rc8 11. Be2 Qb6 12. O-O Be7 13. Be3 Qc7 14. Bf3 O-O
15. Bg5 Rcd8 16. Rfd1 a6 17. a4 a5 18. Nb5 Bxb5 19. axb5 b6 20. Be3 Rb8 21. Ra3
Rfc8 22. Rc3 Qd7 23. Rxc8+ Qxc8 24. Bg5 Qe6 25. Bxf6 Qxf6 26. Qc4 Bf8 27. Bg4
Qe7 28. Qc6 g6 29. g3 Rb7 30. Kg2 Qc7 31. Rd3 Qxc6 32. bxc6 Rc7 33. Bd7 Be7 34.
Rb3 Bd8 35. Rxb6 Rxd7 36. Rb8 Rc7 37. Rxd8+ Kg7 38. Rxd6 Kf8 1-0

[Event "Foxwoods Open"]
[Site "Mashantucket, CT"]
[Date "1999.04.02"]
[Round "2"]
[White "Wagman, Stuart"]
[Black "Kaufman, Larry"]
[Result "0-1"]
[WhiteElo "2262"]
[BlackElo "2417"]
[PlyCount "72"]
[EventDate "1999.04.02"]

1. e4 e5 2. Nf3 Nc6 3. Nc3 Nf6 4. Bb5 Bb4 5. O-O O-O 6. d3 d6 7. Bg5 Bxc3 8.
bxc3 Qe7 9. Re1 Nd8 10. d4 Ne6 11. Bc1 Rd8 12. Bf1 c5 13. Nh4 Nf8 14. g3 h6 15.
Bg2 Bg4 16. f3 Bd7 17. Rb1 b6 18. Nf5 Bxf5 19. exf5 Rac8 20. f4 cxd4 21. cxd4
Qc7 22. Rb2 exf4 23. Bxf4 Qc3 24. Rb3 Qxc2 25. Qxc2 Rxc2 26. Ra3 a5 27. Rb3
N8d7 28. a3 d5 29. Rb5 Rdc8 30. Bxd5 Nxd5 31. Rxd5 Nf6 32. Rb5 Ra2 33. Rxb6
Rcc2 34. h3 Kh7 35. Rb7 Ne4 36. Rxf7 Nf2 0-1

[Event "Foxwoods Open"]
[Site "Mashantucket, CT"]
[Date "1999.04.02"]
[Round "2"]
[White "Karklins, Andrew"]
[Black "Betaneli, Alexander"]
[Result "0-1"]
[WhiteElo "2410"]
[BlackElo "2252"]
[PlyCount "106"]
[EventDate "1999.04.02"]

1. e4 e5 2. Nf3 Nc6 3. Bb5 a6 4. Ba4 d6 5. Bxc6+ bxc6 6. d4 exd4 7. Qxd4 c5 8.
Qd3 Be7 9. Nc3 Nf6 10. b3 O-O 11. Bb2 Bb7 12. O-O-O Ng4 13. Rd2 Bf6 14. Nd5
Bxb2+ 15. Kxb2 Bxd5 16. Qxd5 Qf6+ 17. Kb1 Rfe8 18. h3 Ne5 19. Nxe5 Qxe5 20.
Qxe5 Rxe5 21. f3 Rae8 22. g4 Kf8 23. Kb2 Ke7 24. Re1 Kd7 25. Re3 Kc6 26. Rde2
g5 27. Rd3 R8e6 28. h4 gxh4 29. Rh2 Rh6 30. Rh3 Kd7 31. Kc3 c6 32. Kc4 Rg5 33.
Kc3 Ke6 34. Kd2 d5 35. Re3 Re5 36. f4 Rxe4 37. Rxe4+ dxe4 38. Ke3 f5 39. g5 Rh5
40. Kf2 Kf7 41. Kg1 Kg6 42. Rc3 h3 43. Rxc5 Rh4 44. Rxc6+ Kh5 45. c4 Rxf4 46.
Rh6+ Kg4 47. g6 hxg6 48. Rxg6+ Kf3 49. Rh6 Kg3 50. c5 e3 51. Rg6+ Rg4 52. Re6
Re4 53. Rg6+ Kf3 0-1

[Event "Foxwoods Open"]
[Site "Mashantucket, CT"]
[Date "1999.04.02"]
[Round "2"]
[White "Burrows, Brandon"]
[Black "Bauer, Richard"]
[Result "0-1"]
[WhiteElo "2096"]
[BlackElo "2299"]
[PlyCount "32"]
[EventDate "1999.04.02"]

1. e4 e5 2. Nf3 Nc6 3. Bb5 a6 4. Bxc6 dxc6 5. O-O Bg4 6. c3 Qd3 7. Qb3 Bxf3 8.
Qxb7 Rd8 9. Qxc6+ Rd7 10. gxf3 h5 11. Qa8+ Ke7 12. b3 Rh6 13. Ba3+ Rdd6 14.
Bxd6+ Rxd6 15. Qc8 Rg6+ 16. Kh1 Qxf3# 0-1

[Event "Foxwoods Open"]
[Site "Mashantucket, CT"]
[Date "1999.04.03"]
[Round "2"]
[White "Ivanov, Alexander"]
[Black "Friedel, Josh"]
[Result "1-0"]
[WhiteElo "2608"]
[BlackElo "2031"]
[PlyCount "23"]
[EventDate "1999.04.02"]

1. e4 c5 2. Nf3 d6 3. c3 g6 4. d4 Nd7 5. Bd3 Bg7 6. O-O Ngf6 7. e5 dxe5 8. dxe5
Ng4 9. e6 fxe6 10. Ng5 Bf6 11. Qxg4 Ne5 12. Bb5+ 1-0

[Event "Foxwoods Open"]
[Site "Mashantucket, CT"]
[Date "1999.04.03"]
[Round "2"]
[White "Novikov, Igor"]
[Black "Zlotnik, Mikhail"]
[Result "1-0"]
[WhiteElo "2663"]
[BlackElo "2335"]
[PlyCount "53"]
[EventDate "1999.04.02"]

1. d4 Nf6 2. c4 Nc6 3. Nf3 e6 4. g3 Bb4+ 5. Bd2 Qe7 6. Nc3 d6 7. Bg2 Bxc3 8.
Bxc3 Ne4 9. Qc2 Nxc3 10. Qxc3 O-O 11. O-O e5 12. d5 Nb8 13. c5 Bg4 14. Rac1 Na6
15. c6 Rab8 16. Qa5 Nc5 17. cxb7 Rxb7 18. b4 Ne4 19. a3 Rfb8 20. Rc2 Nf6 21.
Rfc1 Rb5 22. Qxa7 Nxd5 23. Nd4 exd4 24. Bxd5 Qe5 25. Qxc7 Be6 26. Bc6 R5b6 27.
Bb7 1-0

[Event "Foxwoods Open"]
[Site "Mashantucket, CT"]
[Date "1999.04.03"]
[Round "2"]
[White "Burnett, Ron"]
[Black "Fedorowicz, John"]
[Result "0-1"]
[WhiteElo "2443"]
[BlackElo "2634"]
[PlyCount "63"]
[EventDate "1999.04.02"]

1. e4 c5 2. c4 d6 3. g3 h5 4. h4 Nc6 5. Nc3 g6 6. Bg2 Bg7 7. Nge2 Ne5 8. d4
cxd4 9. Nxd4 Bg4 10. f3 Bd7 11. b3 Qa5 12. Qd2 Rc8 13. O-O Qc5 14. Kh1 Nxc4 15.
bxc4 Qxd4 16. Qxd4 Bxd4 17. Bb2 Rxc4 18. Rac1 e5 19. Rfd1 Ne7 20. Nd5 Rxc1 21.
Nf6+ Kd8 22. Bxc1 Ba4 23. Rf1 Bb5 24. Rd1 Kc7 25. f4 Nc6 26. Ba3 Rd8 27. Bf1
Ba4 28. Rc1 exf4 29. Nd5+ Kb8 30. gxf4 a6 31. Nc3 Bxc3 32. Rxc3 {
And black won in sudden death} 0-1

[Event "Foxwoods Open"]
[Site "Mashantucket, CT"]
[Date "1999.04.03"]
[Round "2"]
[White "Belcher, Christopher"]
[Black "Kelleher, William"]
[Result "1/2-1/2"]
[WhiteElo "1736"]
[BlackElo "2446"]
[PlyCount "49"]
[EventDate "1999.04.02"]

1. d4 d5 2. Bg5 h6 3. Bh4 c6 4. e3 Qb6 5. Qc1 Bf5 6. Nf3 Nd7 7. c4 e6 8. c5 Qc7
9. Be2 e5 10. Bg3 f6 11. Nh4 Ne7 12. Nxf5 Nxf5 13. Bh5+ Kd8 14. O-O Be7 15. Nc3
Nxg3 16. fxg3 e4 17. b4 f5 18. Rxf5 Nf6 19. Be2 h5 20. b5 g6 21. Rf1 Ng4 22.
Rf7 Nxh2 23. Qe1 Ng4 24. Bxg4 hxg4 25. Kf2 1/2-1/2

[Event "Foxwoods Open"]
[Site "Mashantucket, CT"]
[Date "1999.04.04"]
[Round "2"]
[White "Zlotnikov, Mikhail"]
[Black "Smith, Bryan"]
[Result "1-0"]
[WhiteElo "2410"]
[BlackElo "2081"]
[PlyCount "66"]
[EventDate "1999.04.02"]

1. c4 g6 2. Nc3 Bg7 3. g3 d6 4. Bg2 f5 5. Nf3 e5 6. d3 Nf6 7. O-O O-O 8. c5 Nc6
9. cxd6 cxd6 10. b4 h6 11. b5 Ne7 12. Qb3+ Kh8 13. Ba3 f4 14. Rad1 Nf5 15. d4
e4 16. Ne5 Qe8 17. gxf4 dxe5 18. Bxf8 Qxf8 19. dxe5 Nh5 20. e3 Nh4 21. Bxe4 Bh3
22. Rfe1 Qc8 (22... Bg4 23. Rd6 Bf3 24. Bxg6 (24. Qd5 Nxf4 25. exf4 Qxf4 26.
Kf1 Qg4 27. Rd8+ Rxd8 28. Qxd8+ Kh7 29. Bxf3 Nxf3 30. Re4 Qg1+ 31. Ke2 Nxe5 32.
Qh4 Qc1 33. Re3 Qc2+ 34. Kf1 Nd3 35. Ne4 Qb1+ 36. Kg2) 24... Nxf4 25. exf4 Qxf4
) 23. Ne2 Qg4+ 24. Ng3 Nf3+ 25. Bxf3 Qxf3 26. Qd5 Qxd5 27. Rxd5 Nxg3 28. hxg3
Be6 29. Rd6 Re8 30. Red1 Bf8 31. Rd8 Rxd8 32. Rxd8 Kg7 33. e4 a6 1-0

[Event "Foxwoods Open"]
[Site "Mashuntucket, Ct."]
[Date "1999.04.02"]
[Round "3"]
[White "Furdzik, Rafael"]
[Black "Karklins, Andrew"]
[Result "0-1"]
[WhiteElo "2200"]
[BlackElo "2410"]
[PlyCount "54"]
[EventDate "1999.??.??"]

1. e4 c5 2. c3 d5 3. exd5 Qxd5 4. d4 Nc6 5. Nf3 e5 6. Nxe5 Nxe5 7. dxe5 Qxe5+
8. Be2 Bd7 9. Be3 O-O-O 10. Nd2 Nf6 11. Bf3 Nd5 12. Qb3 Bc6 13. Nc4 Qc7 14.
O-O-O Be7 15. Bxd5 Bxd5 16. Rxd5 Rxd5 17. Nb6+ Qxb6 18. Qxd5 Qg6 19. Qe5 Bd6
20. Qg5 Qxg5 21. Bxg5 Re8 22. Kd1 Re4 23. f3 Ra4 24. a3 c4 25. Re1 Ra5 26. Re8+
Kd7 27. Rd8+ Kc7 0-1

[Event "Foxwoods Open"]
[Site "Mashuntucket, Ct."]
[Date "1999.04.02"]
[Round "3"]
[White "Bakker, Andrew"]
[Black "Formanek, Edward"]
[Result "0-1"]
[WhiteElo "2109"]
[BlackElo "2401"]
[PlyCount "88"]
[EventDate "1999.??.??"]

1. e4 e6 2. d4 d5 3. e5 c5 4. c3 Qb6 5. Nf3 Bd7 6. Bd3 Bb5 7. O-O Bxd3 8. Qxd3
Qa6 9. Qc2 Nd7 10. Re1 Ne7 11. Nbd2 Rc8 12. Nb3 c4 13. Nbd2 Nf5 14. Nf1 b5 15.
Bd2 Nb6 16. g4 Ne7 17. Ng3 Nc6 18. b4 Qa3 19. Bc1 Qa4 20. Qxa4 Nxa4 21. Re3 Be7
22. Bd2 Ra8 23. a3 Kd7 24. Nh5 g6 25. Nf6+ Kc7 26. Ng5 Bxf6 27. exf6 Raf8 28.
Nf3 h5 29. g5 a5 30. Ree1 Ra8 31. Nh4 Kd7 32. f4 Ra6 33. Rab1 Rha8 34. Kf2 axb4
35. axb4 Nb6 36. Nf3 Ra2 37. Ke3 R8a3 38. Rec1 Na4 39. Ne1 Nxd4 40. Kxd4 Rxd2+
41. Ke3 Rxh2 42. Ra1 Rh3+ 43. Nf3 Rb3 44. Kf2 Rb2+ 0-1

[Event "Foxwoods Open"]
[Site "Mashuntucket, Ct."]
[Date "1999.04.02"]
[Round "3"]
[White "Strenzwilk, Denis"]
[Black "Anderson, Renard"]
[Result "1-0"]
[WhiteElo "2200"]
[BlackElo "2242"]
[PlyCount "53"]
[EventDate "1999.??.??"]

1. e4 c5 2. Nf3 d6 3. d4 cxd4 4. Nxd4 Nf6 5. Nc3 a6 6. Bc4 e6 7. Bb3 Nc6 8. f4
Bd7 9. Be3 b5 10. O-O Rc8 11. Qf3 Nxd4 12. Bxd4 Bc6 13. Rae1 h5 14. Nd5 Be7 15.
Nxe7 Qxe7 16. c3 e5 17. fxe5 dxe5 18. Qf5 O-O 19. Bxe5 Nxe4 20. Bd4 Rcd8 21.
Qg6 Rxd4 22. cxd4 Qb7 23. Rf4 Nd2 24. Bxf7+ Rxf7 25. Rxf7 Qxf7 26. Qxc6 Kh7 27.
Qc2+ 1-0

[Event "Foxwoods Open"]
[Site "Mashuntucket, Ct."]
[Date "1999.04.03"]
[Round "3"]
[White "Betaneli, Alexander"]
[Black "Fang, Joseph"]
[Result "1/2-1/2"]
[WhiteElo "2252"]
[BlackElo "2359"]
[PlyCount "55"]
[EventDate "1999.??.??"]

1. c4 c5 2. Nf3 Nc6 3. d4 cxd4 4. Nxd4 g6 5. e4 Bg7 6. Be3 Nf6 7. Nc3 O-O 8.
Be2 b6 9. O-O Bb7 10. f3 Qb8 11. Nc2 Rd8 12. Qd2 d6 13. Rac1 Rd7 14. Bg5 Qf8
15. Nd5 Ne8 16. b3 e6 17. Nc3 h6 18. Be3 Rad8 19. Rfd1 Nf6 20. Qe1 d5 21. cxd5
exd5 22. exd5 Nxd5 23. Nxd5 Rxd5 24. Bc4 Rxd1 25. Rxd1 Ne5 26. Rxd8 Qxd8 27.
Be2 Qd5 28. Qd2 1/2-1/2

[Event "Foxwoods Open"]
[Site "Mashuntucket, Ct."]
[Date "1999.04.02"]
[Round "3"]
[White "Schneider, Dmitry"]
[Black "Hoekstra, Matthew"]
[Result "1-0"]
[WhiteElo "2446"]
[BlackElo "2253"]
[PlyCount "111"]
[EventDate "1999.??.??"]

1. e4 d5 2. exd5 Nf6 3. c4 e6 4. dxe6 Bxe6 5. Nf3 Nc6 6. Be2 Bc5 7. O-O O-O 8.
Nc3 Bg4 9. d3 h6 10. Na4 Bd4 11. Nxd4 Qxd4 12. Be3 Bxe2 13. Qxe2 Qe5 14. Nc3
Rfe8 15. Rad1 Rad8 16. Qf3 Rd7 17. Rd2 a6 18. h3 Red8 19. Rfd1 Nh7 20. Nd5 Ng5
21. Bxg5 Qxg5 22. d4 b5 23. b3 bxc4 24. bxc4 f5 25. g3 Kh8 26. h4 Qg6 27. Kg2
Qf7 28. Qc3 Rd6 29. Rd3 a5 30. a3 R8d7 31. Nf4 Ne7 32. d5 c6 33. dxc6 Rxd3 34.
Rxd3 Nxc6 35. h5 Rxd3 36. Qxd3 Ne5 37. Qd5 Qxd5+ 38. cxd5 Kg8 39. Ne6 Nc4 40.
a4 Nb6 41. d6 Nd7 42. Kf3 Kf7 43. Nd8+ Kf6 44. Nb7 Ke6 45. Nxa5 Nb6 46. Nb3
Nxa4 47. Nd4+ Kxd6 48. Nxf5+ Ke5 49. Nxg7 Kf6 50. Ne8+ Kg5 51. g4 Nb6 52. Kg3
Nd5 53. Nd6 Kf6 54. Nf5 Kg5 55. f3 Nf4 56. Nxh6 1-0

[Event "Foxwoods Open"]
[Site "Mashantucket, Ct"]
[Date "1999.04.03"]
[Round "4"]
[White "Kreiman, Boris"]
[Black "Bauer, Richard"]
[Result "1-0"]
[WhiteElo "2580"]
[BlackElo "2299"]
[PlyCount "51"]
[EventDate "1999.04.01"]

1. e4 c6 2. d4 d5 3. e5 Bf5 4. h4 h5 5. Ne2 Qb6 6. Nbc3 g6 7. Ng3 Bc8 8. Na4
Qc7 9. Nc5 e6 10. Nd3 Nd7 11. c3 c5 12. Be3 c4 13. Nf4 b5 14. Be2 Nb6 15. Bf3
Bd7 16. Qc2 Ne7 17. O-O O-O-O 18. Nh3 Nf5 19. Nxf5 exf5 20. Bg5 Re8 21. Nf4 Be6
22. b3 Be7 23. bxc4 bxc4 24. a4 Bxg5 25. hxg5 a5 26. Rfb1 1-0

[Event "Foxwoods Open"]
[Site "Mashantucket, Ct"]
[Date "1999.04.03"]
[Round "4"]
[White "Fang, Joseph"]
[Black "Schneider, Dmitry"]
[Result "0-1"]
[WhiteElo "2359"]
[BlackElo "2446"]
[PlyCount "58"]
[EventDate "1999.04.01"]

1. Nf3 d5 2. d4 c5 3. dxc5 e6 4. e4 Bxc5 5. exd5 exd5 6. Bb5+ Nc6 7. O-O Nf6 8.
Bg5 Be6 9. Nd4 Rc8 10. Nxe6 fxe6 11. Qe2 Qe7 12. Nd2 O-O 13. Nf3 h6 14. Bxf6
Rxf6 15. Bxc6 bxc6 16. Ne5 Rcf8 17. Nd3 Bd6 18. Ne5 Qc7 19. Ng4 Rg6 20. Rae1 e5
21. c4 e4 22. cxd5 cxd5 23. h3 Qe7 24. Rd1 h5 25. Ne3 Qe5 26. g3 Rf3 27. Ng2
Bc5 28. Kh1 Qf5 29. Kh2 Bxf2 0-1

[Event "Foxwoods Open"]
[Site "Mashantucket, Ct"]
[Date "1999.04.03"]
[Round "4"]
[White "Rajlich, Vasik"]
[Black "Strenzwilk, Denis"]
[Result "1-0"]
[WhiteElo "2328"]
[BlackElo "2200"]
[PlyCount "105"]
[EventDate "1999.04.01"]

1. e4 c5 2. Nf3 Nc6 3. d4 cxd4 4. Nxd4 e5 5. Nb5 d6 6. c4 Be6 7. Bd3 Rc8 8. O-O
Be7 9. N1c3 a6 10. Na3 Nf6 11. h3 O-O 12. Be3 g6 13. Qd2 Nh5 14. Be2 Nf4 15.
Bxf4 exf4 16. Qxf4 Bg5 17. Qg3 Ne5 18. Nd5 f5 19. exf5 Rxf5 20. f4 Bxd5 21.
cxd5 Qb6+ 22. Kh2 Qxb2 23. fxe5 Rxf1 24. Rxf1 Qxe2 25. Re1 Qd2 26. Nb1 Qf4 27.
exd6 Qxg3+ 28. Kxg3 Bf6 29. Re6 Kf7 30. Nd2 Rd8 31. Ne4 Bb2 32. Re7+ Kg8 33.
Rxb7 Be5+ 34. Kf3 Bxd6 35. Nf6+ Kf8 36. Rxh7 Be7 37. Rh8+ Kf7 38. Rxd8 Bxd8 39.
Ng4 Bc7 40. Ke4 Ke7 41. Ne5 Kf6 42. Nd7+ Kg5 43. Nc5 Kh4 44. Nxa6 Bd6 45. a4
Kg3 46. a5 Kxg2 47. Nb4 Bxb4 48. a6 Bc5 49. d6 Kxh3 50. d7 Bb6 51. a7 Bxa7 52.
d8=Q Bf2 53. Kf3 1-0